Star Wars Trivia: Characters - Statistics

General Stats
  • This quiz has been taken 19 times
  • The average score is 35 of 50
Answer Stats
Hint Character % Correct
Gold Protocol Droid C-3PO
100%
The Former's Furry Sidekick Chewbacca
100%
Formerly Anakin Skywalker Darth Vader
100%
Smuggler Flying the Millenium Falcon Han Solo
100%
Alderaan Princess Leia Organa
100%
Tattoine Farm Boy Turned Jedi Knight Luke Skywalker
100%
Blue and White Astro Droid R2-D2
100%
Turned Anakin Skywalker to the Dark Side The Emperor
100%
Small Green Jedi Master Yoda
100%
Red and Black Sith Apprentice Darth Maul
94%
Four Armed Droid General General Grievous
94%
Slimy Green Slug Like Creature Jabba the Hutt
94%
Annoying Gungan Sidekick Jar Jar Binks
94%
Wears a Cracked Black Helmet Kylo Ren
94%
Weilds a Purple Lightsaber Mace Windu
94%
The Queen of Naboo Padme Amidala
94%
Orange and White Astro Droid BB-8
89%
Escaped from the Sarlacc Boba Fett
89%
Weilds a Bent Red Lightsaber Count Dooku
89%
FN-2187 Finn
89%
The man cloned to create the clone army. Jango Fett
89%
Aprentice of the aforementioned. Obi-Wan Kenobi
89%
Former Spice Runner Turned Resistance Pilot Poe Dameron
89%
The Supreme Leader of the First Order Snoke
89%
His Little Green Friend Grogu
83%
Dies First in the Duel of the Fates Qui-Gon Jinn
83%
Captain of the First Order Captain Phasma
78%
Wields a Yellow Lightsaber Rey
78%
General of the First Order General Hux
72%
Owns a Bar in Takodana Maz Kanata
72%
Wields Two White Lightsabers Ahsoka Tano
67%
His Sidekick Fennec Shand
61%
Master of the Inquisitorius Grand Inquisitor
61%
Also Known as The Mandalorian Din Djarin
56%
Catches FN-2187 Fleeing the Resistance Rose Tico
56%
Aids Her to do This Cassian Andor
50%
Wielkds the Darksaber Moff Gideon
44%
Obtains Her Father's Death Star Plans Jyn Erso
39%
Comical Droid Sidekick K-2SO
39%
Ruler of Cloud City Lando Calrisian
39%
Took the Female Twin Bail Organa
33%
Helped Build the Death Star Galen Erso
33%
Crimson Dawn's Most Trusted Lieutenant Qi'ra
33%
Leads a Band of Rebel Extremists Saw Gerrera
33%
A Former Imperial Captain Who Served on Mapuzo Tala
33%
His Apprentice Third Sister
33%
Droid Plugged Into the Millenium Falcon L3-37
22%
A Male Thief Working for Crimson Dawn Tobias Beckett
17%
A Female Thief Working for Crimson Dawn Val
11%
Leader of the Crimson Dawn Dryden Voss
6%
No matching quizzes found
Score Distribution
Percent of People with Each Score
Percentile by Number Answered
Your Score History
You have not taken this quiz